| 000 | 00456nam a2200169Ia 4500 | ||
|---|---|---|---|
| 008 | 250827s9999 xx 000 0 und d | ||
| 020 | _a978-1-260-59782-0 | ||
| 082 | _a004.6 FOR | ||
| 100 | _aForouzan Behroz A. | ||
| 245 | 0 | _aData Communications & Networking: with tcp/ip protocol suite | |
| 250 | _a6th ed. | ||
| 260 |
_aNew York _bMcgraw Hill |
||
| 300 | _a834p. | ||
| 600 | _aComputer Science | ||
| 650 | _aEngineering Technology | ||
| 942 | _cBBD | ||
| 999 |
_c31547 _d31547 |
||